|
|
|
|
| LEADER |
01626nam a2200433Ia 4500 |
| 001 |
EBC183110 |
| 003 |
MiAaPQ |
| 005 |
20200520144314.0 |
| 006 |
m o d | |
| 007 |
cr cn||||||||| |
| 008 |
030711s2004 enk sb 001 0 eng d |
| 010 |
|
|
|z 2003055546
|
| 020 |
|
|
|z 0714654426 (cloth)
|
| 020 |
|
|
|z 0714684481 (paper)
|
| 020 |
|
|
|z 9780714654423
|
| 020 |
|
|
|a 9780203504017 (electronic bk.)
|
| 035 |
|
|
|a (MiAaPQ)EBC183110
|
| 035 |
|
|
|a (Au-PeEL)EBL183110
|
| 035 |
|
|
|a (CaPaEBR)ebr10603810
|
| 035 |
|
|
|a (CaONFJC)MIL391771
|
| 035 |
|
|
|a (OCoLC)437056365
|
| 040 |
|
|
|a MiAaPQ
|c MiAaPQ
|d MiAaPQ
|
| 050 |
|
4 |
|a HC79.D4
|b G47 2004
|
| 100 |
1 |
|
|a Gerace, Michael P.,
|d 1963-
|
| 245 |
1 |
0 |
|a Military power, conflict, and trade
|h [electronic resource] /
|c Michael P. Gerace.
|
| 260 |
|
|
|a London ;
|a Portland, OR :
|b Frank Cass,
|c c2004.
|
| 300 |
|
|
|a xii, 292 p.
|
| 504 |
|
|
|a Includes bibliographical references (p. [270]-285) and index.
|
| 533 |
|
|
|a Electronic reproduction. Ann Arbor, MI : ProQuest, 2015. Available via World Wide Web. Access may be limited to ProQuest affiliated libraries.
|
| 650 |
|
0 |
|a Commercial policy
|x History.
|
| 650 |
|
0 |
|a Great powers
|x History.
|
| 650 |
|
0 |
|a International economic relations
|x History.
|
| 650 |
|
0 |
|a International trade
|x Political aspects
|x History.
|
| 650 |
|
0 |
|a Mercantile system
|x History.
|
| 650 |
|
0 |
|a Military readiness
|x Economic aspects
|x History.
|
| 650 |
|
0 |
|a World politics
|y 1900-1918.
|
| 655 |
|
4 |
|a Electronic books.
|
| 710 |
2 |
|
|a ProQuest (Firm)
|
| 856 |
4 |
0 |
|u https://ebookcentral.proquest.com/lib/matrademy/detail.action?docID=183110
|z Click to View
|